000 00778nam a2200265Ia 4500
003 OSt
005 20220918214514.0
006 a|||||r|||| 00| 0
007 ta
008 220917b |||||||| |||| 00| 0 eng d
024 _a137,743
037 _cTextual
040 _aARTS
_cARTS
_beng
041 _2eng
_aeng
082 _aY:36.2, N3
100 _aAnderson Leona M
_9131550
245 0 _aVassntotsava
_b The spring festivals of India text and traditions
260 _aDelhi
_bD K Printworld
_c1993
300 _axi, 254p.
_ccm.
490 _aReconstructing Indian history and culture; 4
500 _aBibliography p229-246; Glossary p215-224
650 _aSOCIOLOGY
942 _hY:36.2, N3
_cTEXL
_2CC
999 _c260822
_d260822